| 000 | 00331nam a22001337a 4500 | ||
|---|---|---|---|
| 008 | 170929b xxu||||| |||| 00| 0 eng d | ||
| 020 | _a9780618273997 | ||
| 041 | _aeng | ||
| 080 |
_29 ED _a37 |
||
| 100 | _a47 | ||
| 101 | _aEDU | ||
| 245 |
_aASSESSMENT IN SPECIAL AND INCLUSIVE EDUCATION _cYSSELDYKE.S |
||
| 942 |
_2udc _cBK |
||
| 999 |
_c30862 _d30862 |
||